Przystanki tramwajowe w Poznaniu - 2025 - Statystyki

Ogólne statystyki
  • Ten quiz został rozwiązany 391 razy
    245 od ostatniego zresetowania
  • Średni wynik to 75 z 135
Statystyki odpowiedzi
Wpisz odpowiedź tutaj % Poprawnych
AWF
85%
Most Teatralny
84%
Poznań Główny
84%
Głogowska/Hetmańska
83%
Rondo Kaponiera
83%
Rondo Rataje
83%
Rondo Śródka
83%
Żegrze I
80%
Żegrze II
80%
Żegrze III
80%
Półwiejska
78%
Górczyn PKM
77%
Junikowo
77%
Kórnicka
77%
Rynek Jeżycki
77%
Wierzbięcice
77%
Zamek
77%
Most św. Rocha
76%
Szwedzka
76%
Wrocławska
76%
Dworzec Zachodni
75%
Franowo
75%
Dębiec PKM
74%
Ogrody
74%
os. Sobieskiego
74%
Bałtyk
72%
Park Wilsona
72%
Pl. Wielkopolski
72%
Rondo Starołęka
72%
Rondo Żegrze
72%
Fredry
71%
Miłostowo
71%
Politechnika
71%
Aleje Marcinkowskiego
70%
Lechicka/Poznań Plaza
70%
Rynek Wildecki
70%
Serafitek
70%
os. Lecha
69%
Gwarna
68%
Katedra
68%
Lechicka/Naramowicka
68%
Błażeja
67%
Małe Garbary
67%
Most Dworcowy
67%
Bułgarska Enea Stadion
66%
Rondo Nowaka-Jeziorańskiego
66%
Traugutta
66%
Arena
65%
Piaśnicka/Kurlandzka
64%
Uniwersytet Ekonomiczny
64%
os. Czecha
63%
Polanka
63%
Polna
63%
Rynek Łazarski
63%
Stare ZOO
63%
Starołęka PKM
63%
Słowiańska
62%
Baraniaka
60%
Szwajcarska
60%
Unii Lubelskiej
60%
Piątkowska
59%
Zawady
59%
Pl. Wiosny Ludów
58%
Budziszyńska
57%
Matejki
57%
Pl. Bernardyński
57%
Rolna
57%
Żeromskiego
57%
Aleje Solidarności
56%
Pl. Ratajskiego
56%
Wielkopolska
56%
Uniwersytet Przyrodniczy
55%
Arciszewskiego
54%
HCP
54%
Poznańska
54%
Kolejowa
53%
Święty Marcin
52%
Wilczak
52%
Armii Poznań
51%
Hetmańska Wiadukt
51%
Piaśnicka Rynek
51%
Różana
51%
Połabska
50%
Serbska
50%
Sołacz
50%
os. Tysiąclecia
49%
Grochowska
48%
Kurpińskiego
48%
Naramowice
48%
Rondo Solidarności
47%
Starołęka Mała
47%
Termalna
46%
os. Piastowskie
45%
Ostroroga
45%
Szymanowskiego
45%
27 Grudnia - Teatr Polski
44%
Łacina
44%
Pamiątkowa
44%
Krauthofera
43%
św. Michała
43%
Kraszewskiego
42%
Wioślarska
42%
Nad Wierzbakiem
41%
os. Rzeczypospolitej
41%
Cmentarna
40%
Wojskowa
39%
Klin
38%
Sielska
37%
św. Czesława
37%
Żniwna
37%
Rondo Skubiszewskiego
36%
Bukowska
35%
Kosińskiego
35%
Łąkowa
35%
os. Pod Lipami
35%
Pasieka
35%
św. Leonarda
35%
Bonin
34%
Drzewieckiego
34%
Krańcowa
33%
os. Łokietka
32%
Mogileńska
31%
Węgorka
31%
Bystra
30%
Lutycka Szpital
30%
Murawa
30%
os. Winiary
30%
Wspólna
30%
Grotkowska
28%
Tadeuszak
26%
Jasna Rola
24%
Kmieca
23%
Włodarska
23%
Łomżyńska
22%
Przełajowa
22%
Nie znaleziono quizów pasujących do podanych kryteriów
Rozkład punktacji
Procent ludzi z każdym wynikiem
Percentyl według liczby udzielonych odpowiedzi
Twoja historia wyników
Nie rozwiązałeś tego quizu od ostatniego zresetowania